000 00395nam a2200133Ia 4500
008 180921t xxu||||| ||||o00| 0 eng d
041 _aeng
080 _aVol.3 1895-1907
245 _aordinances Nos : No.15 of 1901. An ordinance To Validate Certain Proceedings of The Legislative Council.
300 _ap.557-558, 23 cm
942 _cBK
999 _c50708
_d50708
003 LK-CoDNM
040 _aLK-CoDNM
_dLK-CoDNM
_eLK-CoDNM